¿Quién dirigió la película? - Estadísticas

Estadísticas generales
  • Esta prueba ha sido intentada 234 veces
  • La puntuación promedio es 17 de 43
Estadísticas de respuestas
Película Director % Correcto
Reservoir Dogs Quentin Tarantino
91%
Salvar al soldado Ryan Steven Spielberg
76%
Titanic James Cameron
73%
El Resplandor Stanley Kubrick
73%
Memento Christopher Nolan
71%
Apocalypse Now Francis Ford Coppola
70%
El gran dictador Charles Chaplin
69%
Shutter Island Martin Scorsese
69%
La ventana indiscreta Alfred Hitchcock
66%
Star Wars IV George Lucas
60%
Tacones lejanos Pedro Almodóvar
60%
El club de la lucha David Fincher
52%
El laberinto del fauno Guillermo del Toro
52%
El pianista Roman Polanski
50%
Ciudadano Kane Orson Welles
48%
Invictus Clint Eastwood
46%
Los siete samuráis Akira Kurosawa
45%
El hombre elefante David Lynch
41%
Lo imposible J. A. Bayona
41%
Viridiana Luis Buñuel
41%
El Renacido Alejandro González Iñárritu
40%
Por un puñado de dólares Sergio Leone
39%
Big Eyes Tim Burton
39%
Balas sobre Broadway Woody Allen
38%
Metrópolis Fritz Lang
36%
Las uvas de la ira John Ford
29%
Cisne negro Darren Aronofsky
27%
El precio del poder Brian de Palma
26%
Dogville Lars von Trier
26%
El crepúsculo de los dioses Billy Wilder
25%
Whiplash Damien Chazelle
23%
Qué bello es vivir Frank Capra
23%
Gritos y susurros Ingmar Bergman
23%
El halcón maltés John Huston
22%
Transformers Michael Bay
22%
El nacimiento de una nación D. W. Griffith
19%
Casanova Federico Fellini
19%
Tormenta blanca Ridley Scott
18%
Ben-Hur William Wyler
18%
Lo que el viento se llevó Victor Fleming
12%
Cadena Perpetua Frank Darabont
11%
Criaturas celestiales Peter Jackson
10%
El espejo Andréi Tarkovski
6%
No se encontraron pruebas coincidentes
Distribución de puntuación
Porcentaje de gente con cada puntuación
Porcentaje por número respondido
Historial de tus puntuaciones
No has intentado esta prueba.